000
00369nam a2200169Ia 4500
003
0STCL
008
150530s9999 xx 000 0 und d
040
_a
STCL
_c
STCL
100
_a
Ayyaneth
245
_a
Porvilli
260
_b
S.H.League;Alwaye
_c
1953
_a
Alwaye
300
_a
0
546
_a
Malayalam
942
_2
ddc
_c
BK
999
_c
50065
_d
50065
005
20220125170813.0